Προσωκρατικοί
Αποθηκεύτηκε σε:
| Μορφή: | Βιβλίο |
|---|---|
| Γλώσσα: | Greek Ancient Greek |
| Δημοσίευση: |
Αθήνα :
Στιγμή,
1999-2007.
|
| Σειρά: | Βιβλιοθήκη αρχαίων συγγραφέων (Στιγμή)
|
| Θέματα: | |
| Ετικέτες: |
Προσθήκη ετικέτας
Δεν υπάρχουν, Καταχωρήστε ετικέτα πρώτοι!
|
MARC
| LEADER | 00000cam a2200000 a 4500 | ||
|---|---|---|---|
| 001 | 1/109279 | ||
| 008 | 151030m19992007gr | ||| |||| ||gre|| | ||
| 040 | |a GR-MyUa |b gre |c GR-MyUa |e AACR2 | ||
| 041 | 0 | |a gre |a grc | |
| 082 | 7 | |a 182 |2 (23) | |
| 245 | 0 | 0 | |a Προσωκρατικοί / |c ιστορική εισαγωγή, κείμενο, μετάφραση, ερμηνευτικά σχόλια Ευάγγελος Ν. Ρούσσος. |
| 260 | |a Αθήνα : |b Στιγμή, |c 1999-2007. | ||
| 300 | |a 7 τ. ; |c 22 εκ. | ||
| 490 | 1 | |a (Βιβλιοθήκη αρχαίων συγγραφέων ; |v 24) | |
| 505 | 8 | |a Τ. 3. Περμενίδης. | |
| 600 | 0 | 7 | |2 nlgaf |a Παρμενίδης ο Ελεάτης, |d 5ος αι. π. Χ. |
| 650 | 0 | |a Pre-Socratic philosophers. | |
| 830 | 0 | |a Βιβλιοθήκη αρχαίων συγγραφέων (Στιγμή) | |
| 852 | |a INST |b SYROS |e 20151030 |h 182 ΠΡΟ |p 005500011935 |q 005500011935 |t BK |v τομ.3: |y 0 | ||
| 853 | |a INST |b SYROS |h 182 ΠΡΟ | ||
| 970 | |a Κοντού |b Παρασκευή |z 30/10/2015 | ||